Caring enough to confront / (Record no. 4764)
[ view plain ]
| 000 -LEADER | |
|---|---|
| fixed length control field | 00750nam a2200265 i 4500 |
| 001 - CONTROL NUMBER | |
| control field | 6626965 |
| 003 - CONTROL NUMBER IDENTIFIER | |
| control field | OSt |
| 005 - DATE AND TIME OF LATEST TRANSACTION | |
| control field | 20181213133143.0 |
| 008 - FIXED-LENGTH DATA ELEMENTS--GENERAL INFORMATION | |
| fixed length control field | 800802s1980 cau b 000 0 eng |
| 010 ## - LIBRARY OF CONGRESS CONTROL NUMBER | |
| LC control number | 80123568 |
| 020 ## - INTERNATIONAL STANDARD BOOK NUMBER | |
| International Standard Book Number | 0830707336 : |
| Terms of availability | $3.95 |
| 035 01 - SYSTEM CONTROL NUMBER | |
| System control number | 81983 |
| 040 ## - CATALOGING SOURCE | |
| Original cataloging agency | DLC |
| Transcribing agency | DLC |
| Modifying agency | m.c. |
| -- | OCL |
| -- | HEI |
| 050 0# - LIBRARY OF CONGRESS CALL NUMBER | |
| Classification number | BV4501.2. |
| Item number | A883 1981 |
| 082 0# - DEWEY DECIMAL CLASSIFICATION NUMBER | |
| Classification number | 248.48 |
| Edition number | 19 |
| Item number | A919C |
| 100 1# - MAIN ENTRY--PERSONAL NAME | |
| Personal name | Augsburger, David W. |
| 245 10 - TITLE STATEMENT | |
| Title | Caring enough to confront / |
| Statement of responsibility, etc. | David Augsburger. |
| 250 ## - EDITION STATEMENT | |
| Edition statement | Rev. ed. |
| 260 ## - PUBLICATION, DISTRIBUTION, ETC. | |
| Place of publication, distribution, etc. | Ventura, Calif. : |
| Name of publisher, distributor, etc. | G/L Regal Books, |
| Date of publication, distribution, etc. | c1981. |
| 300 ## - PHYSICAL DESCRIPTION | |
| Extent | 142 p. ; |
| Dimensions | 21 cm. |
| 504 ## - BIBLIOGRAPHY, ETC. NOTE | |
| Bibliography, etc. note | Includes bibliographical references. |
| 650 #0 - SUBJECT ADDED ENTRY--TOPICAL TERM | |
| Topical term or geographic name entry element | Christian life |
| General subdivision | Mennonite authors. |
| 650 #0 - SUBJECT ADDED ENTRY--TOPICAL TERM | |
| Topical term or geographic name entry element | Conflict (Psychology) |
| 942 ## - ADDED ENTRY ELEMENTS (KOHA) | |
| Source of classification or shelving scheme | Dewey Decimal Classification |
| Koha item type | Books |
| Withdrawn status | Lost status | Source of classification or shelving scheme | Damaged status | Not for loan | Collection code | Home library | Current library | Shelving location | Date acquired | Cost, normal purchase price | Total Checkouts | Full call number | Barcode | Date last seen | Price effective from | Koha item type |
|---|---|---|---|---|---|---|---|---|---|---|---|---|---|---|---|---|
| Dewey Decimal Classification | Non-fiction | Harvest Mission College | Harvest Mission College | General Stacks | 13.12.2018 | 340.00 | 248.48 A919C | 005411 | 13.12.2018 | 13.12.2018 | Books | |||||
| Dewey Decimal Classification | Harvest Mission College | Harvest Mission College | General Stacks | 10.04.2026 | 248.48 A919C | 013425 | 10.04.2026 | 10.04.2026 | Books |
